000
00287nam a2200121Ia 4500
008
191201s2016 xx 000 0 und d
100
_a
O'BRIAN, James A
245
0
_a
Management Information Systems
250
_a
Rep
260
_c
2016
_b
TMH
_a
New Delhi
300
_a
954
942
_2
ddc
_c
BK
999
_c
8156
_d
8156